000 00543nam a2200181Ia 4500
008 240729s9999 xx 000 0 und d
022 _a2090-0392
245 0 _aInternational Journal of Hypertension
260 _aUnited Kingdom
260 _bHindawi Limited
650 _a Diseases of the circulatory (Cardiovascular) system
650 _a Internal medicine
650 _a Specialties of internal medicine
650 _aMedicine
856 _uhttps://doaj.org/toc/375f05f412bf44f28c2a8792f8dbf70c
942 _2ddc
942 _cDOAJEJ
999 _c71442
_d71442
945 _a1
_bMadushi Gamage
_c1
_dMadushi Gamage